[Event "KOS-ch"]
[Site "Pristina"]
[Date "2020.11.01"]
[Round "8"]
[White "Krasniqi, Avni"]
[Black "Zenuni, Albert"]
[Result "1-0"]
[WhiteElo "1850"]
[BlackElo "1981"]
[PlyCount "119"]
[EventDate "2020.10.10"]
[EventType "swiss"]
[EventRounds "9"]
[EventCountry "KOS"]
[SourceTitle "EXT 2022"]
[Source "ChessBase"]
[SourceDate "2021.10.06"]
[SourceVersion "1"]
[SourceVersionDate "2021.10.06"]
[SourceQuality "1"]

1. d4 d5 2. Bf4 Bf5 3. Nf3 e6 4. e3 Bd6 5. Be2 Ne7 6. Nbd2 c5 7. dxc5 Bxf4 8. exf4 Qa5 9. 0-0 Qxc5 10. c3 Nbc6 11. Rc1 Qd6 12. g3 0-0 13. Nb3 Rfd8 14. Nbd4 Bh3 15. Re1 a6 16. Ng5 Nxd4 17. Qxd4 Bf5 18. Bh5 Bg6 19. Bxg6 hxg6 20. Nf3 Rac8 21. Ne5 f6 22. Nf3 Kf7 23. Re2 Nf5 24. Qd3 d4 25. c4 b5 26. b3 Rc6 27. Nd2 Qb4 28. Rce1 Qc3 29. Qe4 Rdd6 30. Qb1 Qb4 31. Ne4 Rd7 32. c5 d3 33. Rd2 Rd4 34. a3 Qa5 35. Qb2 Rd5 36. b4 Qd8 37. Qc3 Rd4 38. f3 Rc4 39. Qxd3 Rd4 40. Qc3 Rxd2 41. Qxd2 Qd4+ 42. Qxd4 Nxd4 43. Rd1 e5 44. Kf2 Ke6 45. fxe5 fxe5 46. Ng5+ Kd5 47. Ne4 Kc4 48. Nd6+ Kc3 49. Nf7 e4 50. Ne5 Rf6 51. f4 g5 52. Ke3 Nc2+ 53. Kxe4 Nxa3 54. c6 Rf8 55. c7 Rc8 56. Rd7 Nc4 57. Rxg7 Nd6+ 58. Ke3 Ne8 59. Rg8 a5 60. bxa5 1-0

[Event "KOS-ch"]
[Site "Pristina"]
[Date "2020.10.25"]
[Round "6"]
[White "Uruci, Endrit"]
[Black "Zenuni, Albert"]
[Result "1-0"]
[WhiteElo "2237"]
[BlackElo "1981"]
[PlyCount "97"]
[EventDate "2020.10.10"]
[EventType "swiss"]
[EventRounds "9"]
[EventCountry "KOS"]
[SourceTitle "EXT 2022"]
[Source "ChessBase"]
[SourceDate "2021.10.06"]
[SourceVersion "1"]
[SourceVersionDate "2021.10.06"]
[SourceQuality "1"]

1. e4 e6 2. d4 d5 3. Nd2 c5 4. Ngf3 Nc6 5. exd5 Qxd5 6. Bc4 Qh5 7. dxc5 Nf6 8. Nb3 Bxc5 9. Nxc5 Qxc5 10. Qe2 a6 11. Be3 Qa5+ 12. Bd2 Qh5 13. 0-0-0 b5 14. Bd3 Bb7 15. h3 Rc8 16. Bc3 Ne7 17. Bxf6 Bxf3 18. gxf3 Qh6+ 19. Qd2 Qxd2+ 20. Kxd2 gxf6 21. a4 Rc5 22. axb5 axb5 23. Ra1 Kd7 24. Ra7+ Kd6 25. Rha1 Nc6 26. Rxf7 f5 27. Ra6 Rc8 28. Rxh7 Ke5 29. Ke3 Kf6 30. f4 Kg6 31. Rb7 b4 32. Rb5 Rxb5 33. Bxb5 Ne7 34. Rxe6+ Kf7 35. Rd6 Rxc2 36. Rd2 Rc5 37. Ba4 Rc1 38. Rd1 Rc8 39. Rd4 Rh8 40. Bb3+ Kf6 41. Rxb4 Rxh3+ 42. f3 Rh2 43. Rb6+ Kg7 44. Bc4 Rc2 45. Kd4 Ng6 46. Bd3 Rd2 47. Ke3 Rd1 48. Bxf5 Ne7 49. Be4 1-0

[Event "EU-ch Online U2300 Qual"]
[Site "Chess.com INT"]
[Date "2020.05.25"]
[Round "2"]
[White "Zenuni, Albert"]
[Black "Nikolova, Adriana"]
[Result "0-1"]
[WhiteElo "1981"]
[BlackElo "2247"]
[PlyCount "66"]
[EventDate "2020.05.25"]
[EventType "swiss"]
[EventRounds "8"]
[EventCountry "NET"]
[SourceTitle "EXT 2021"]
[Source "ChessBase"]
[SourceDate "2020.10.23"]
[SourceVersion "1"]
[SourceVersionDate "2020.10.23"]
[SourceQuality "1"]

1. c4 e5 2. Nc3 Nf6 3. g3 d5 4. cxd5 Nxd5 5. Bg2 Nb6 6. a3 Nc6 7. d3 Be7 8. Nf3 Be6 9. 0-0 0-0 10. b4 f6 11. Bb2 a5 12. b5 Nd4 13. Nxd4 exd4 14. Ne4 f5 15. Nd2 Bd5 16. Nf3 Bf6 17. Rc1 Qd7 18. a4 c6 19. Ba3 Rfe8 20. Bc5 Nc8 21. Rb1 cxb5 22. Rxb5 Bc6 23. Rb2 Bxa4 24. Qc1 Kh8 25. Qf4 Rd8 26. Rfb1 Bc6 27. Qc1 Ne7 28. Bb6 Rdc8 29. Qd2 a4 30. Ne1 Bxg2 31. Kxg2 Nd5 32. Nc2 Qc6 33. Na3 Ne3+ 0-1

[Event "Pristina op"]
[Site "Pristina"]
[Date "2019.06.30"]
[Round "5"]
[White "Salihu, Sami"]
[Black "Zenuni, Albert"]
[Result "1-0"]
[WhiteElo "2203"]
[BlackElo "1983"]
[PlyCount "149"]
[EventDate "2019.06.28"]
[EventType "swiss"]
[EventRounds "9"]
[EventCountry "KOS"]
[SourceTitle "CBM 191 Extra"]
[Source "ChessBase"]
[SourceDate "2019.09.30"]
[SourceVersion "1"]
[SourceVersionDate "2019.09.30"]
[SourceQuality "1"]

1. e4 e6 2. d4 d5 3. Nc3 Bb4 4. e5 c5 5. a3 Bxc3+ 6. bxc3 Ne7 7. Qg4 g6 8. Bb5+ Bd7 9. Bxd7+ Nxd7 10. Ne2 Qa5 11. 0-0 Qa4 12. Bg5 Qxc2 13. Bxe7 Kxe7 14. Qg5+ Ke8 15. Qe3 c4 16. Rfc1 Qa4 17. Qh6 Kd8 18. Qg5+ Kc7 19. Qe7 Rhf8 20. Rab1 Qc6 21. Rb4 Rae8 22. Qh4 h5 23. Rcb1 b6 24. a4 a6 25. Qg3 Qa8 26. Nf4 Kc6 27. Nh3 Qd8 28. Ng5 Qe7 29. Nh7 Rh8 30. Nf6 Rb8 31. Qf3 b5 32. axb5+ axb5 33. Nxd7 Qxd7 34. Qf6 Rhe8 35. h4 Qe7 36. Qf4 Rb7 37. g3 Ra8 38. Qd2 Ra5 39. Kg2 Qd8 40. Qf4 Ra3 41. Rc1 Qa5 42. Qd2 Ra4 43. Rcb1 Rxb4 44. Rxb4 Qa3 45. Rb1 Ra7 46. Rb4 Qa1 47. Qh6 Ra8 48. Qg5 Qa7 49. Qf6 Qd7 50. Rb1 Ra3 51. Qh8 Kb7 52. Qf8 Ra5 53. Kf3 Qc7 54. Kf4 Kb6 55. Kg5 Ra2 56. f4 Ra7 57. Kf6 Qc6 58. Qd8+ Qc7 59. Qe8 Qd7 60. Qf8 Qc6 61. Rb2 Qc7 62. Rg2 Kb7 63. Qxf7 Qxf7+ 64. Kxf7 Kc6+ 65. Kxe6 Ra3 66. Rc2 b4 67. cxb4 Rxg3 68. b5+ Kxb5 69. Kxd5 c3 70. Re2 Rd3 71. e6 Rd2 72. Re1 c2 73. e7 Re2 74. Rxe2 c1Q 75. e8Q+ 1-0

[Event "Treviso Master op 3rd"]
[Site "Treviso"]
[Date "2019.03.29"]
[Round "1.12"]
[White "Zenuni, Albert"]
[Black "Granaldi, Alessandro"]
[Result "0-1"]
[WhiteElo "1950"]
[BlackElo "2101"]
[PlyCount "105"]
[EventDate "2019.03.29"]
[EventType "swiss"]
[EventRounds "5"]
[EventCountry "ITA"]
[SourceTitle "EXT 2024"]
[Source "ChessBase"]
[SourceDate "2023.10.10"]
[SourceVersion "1"]
[SourceVersionDate "2023.10.10"]
[SourceQuality "1"]

1. c4 c5 2. Nc3 Nc6 3. g3 g6 4. Bg2 Bg7 5. Nf3 d6 6. 0-0 e5 7. d3 Nge7 8. e4 0-0 9. Be3 h6 10. h3 Be6 11. Kh2 Qd7 12. Nd5 f5 13. Ng1 f4 14. Bd2 Nd4 15. Bc3 fxg3+ 16. Kxg3 Nec6 17. Kh2 Rf7 18. f3 Raf8 19. Ne3 h5 20. Nc2 Bh6 21. Bd2 Bf4+ 22. Bxf4 Rxf4 23. Ne3 g5 24. Qe1 Qg7 25. a3 g4 26. fxg4 Rxf1 27. Bxf1 hxg4 28. h4 Rf3 29. Kh1 Qh6 30. Ng2 Nc2 31. Qc1 Qxc1 32. Rxc1 Rf2 33. Ne2 N6d4 34. Ng3 Nf3 35. h5 b6 36. Be2 Ncd4 37. Bxf3 gxf3 38. Ne3 Rxb2 39. Ngf5 Bxf5 40. Rg1+ Kh7 41. exf5 f2 42. Rf1 Re2 43. Ng4 Nxf5 44. Rxf2 Rxf2 45. Nxf2 Ng3+ 46. Kg1 Kh6 47. Kg2 Nxh5 48. Kf3 Nf6 49. Ne4 Nxe4 50. Kxe4 Kg5 51. Kd5 Kf4 52. Kxd6 e4 53. dxe4 0-1

[Event "KOS-chT"]
[Site "Pristina"]
[Date "2018.05.08"]
[Round "2.4"]
[White "Sadiku, Bedri"]
[Black "Zenuni, Albert"]
[Result "1-0"]
[WhiteElo "2220"]
[BlackElo "2030"]
[PlyCount "103"]
[EventDate "2018.05.07"]
[EventType "team-tourn"]
[EventRounds "7"]
[EventCountry "KOS"]
[SourceTitle "EXT 2019"]
[Source "ChessBase"]
[SourceDate "2018.10.10"]
[SourceVersion "1"]
[SourceVersionDate "2018.10.10"]
[SourceQuality "1"]
[WhiteTeam "Pristina"]
[BlackTeam "Decani"]
[WhiteTeamCountry "KOS"]
[BlackTeamCountry "KOS"]

1. Nf3 c5 2. g3 Nc6 3. Bg2 g6 4. 0-0 Bg7 5. d3 Nf6 6. e4 d6 7. h3 0-0 8. c4 a6 9. Nc3 Rb8 10. a4 h6 11. Be3 e5 12. Rb1 Kh7 13. Ne1 Nh5 14. Kh2 Nd4 15. b3 f5 16. exf5 Nxf5 17. Bd2 Nd4 18. Nc2 Bf5 19. Ne4 Nf6 20. Ne3 Bxe4 21. dxe4 Qd7 22. b4 b6 23. Bc3 h5 24. a5 b5 25. Qd3 Bh6 26. cxb5 axb5 27. Nc2 h4 28. Rbe1 Nh5 29. Nxd4 cxd4 30. Bd2 Rbc8 31. Bxh6 Kxh6 32. Bf3 hxg3+ 33. fxg3 Nf6 34. Rc1 Rc6 35. Bg2 Rcc8 36. Rxc8 Qxc8 37. Qd2+ Kg7 38. Rc1 Qb7 39. Qc2 Rf7 40. g4 Ne8 41. Qa2 Nc7 42. Rc2 Na6 43. Qb3 Rc7 44. Rf2 Rc4 45. Bf1 d5 46. Qf3 Qe7 47. exd5 e4 48. Qf4 d3 49. d6 Qd8 50. Qf7+ Kh6 51. Rf6 Rc2+ 52. Kg1 1-0

[Event "KOS-chT"]
[Site "Pristina"]
[Date "2018.05.07"]
[Round "1.2"]
[White "Zenuni, Albert"]
[Black "Bahtijari, Bashkimy"]
[Result "0-1"]
[WhiteElo "2030"]
[BlackElo "2134"]
[PlyCount "75"]
[EventDate "2018.05.07"]
[EventType "team-tourn"]
[EventRounds "7"]
[EventCountry "KOS"]
[SourceTitle "EXT 2019"]
[Source "ChessBase"]
[SourceDate "2018.10.10"]
[SourceVersion "1"]
[SourceVersionDate "2018.10.10"]
[SourceQuality "1"]
[WhiteTeam "Decani"]
[BlackTeam "Vellaznimi"]
[WhiteTeamCountry "KOS"]
[BlackTeamCountry "KOS"]

1. c4 c5 2. Nc3 Nc6 3. g3 g6 4. Bg2 Bg7 5. Nf3 Nf6 6. 0-0 0-0 7. d4 Nxd4 8. Nxd4 cxd4 9. Qxd4 d6 10. Rd1 a6 11. Bg5 Ng4 12. Qd2 h6 13. Be3 Nxe3 14. Qxe3 Rb8 15. c5 Be6 16. Rd2 Qc7 17. cxd6 exd6 18. Nd5 Qc5 19. Qd3 Bxd5 20. Bxd5 Kh7 21. Rad1 a5 22. Rc2 Qb6 23. h4 h5 24. Bf3 Rbc8 25. Rxc8 Rxc8 26. b3 Be5 27. Bxh5 Rc3 28. Qb1 Bxg3 29. Rf1 Qc5 30. Bf3 Bxh4 31. Qe4 Bf6 32. Qxb7 Qg5+ 33. Bg2 Kg7 34. e3 Rc2 35. b4 Rb2 36. Qd5 Qe5 37. Rd1 Qc3 38. Rd3 0-1

[Event "KOS-ch"]
[Site "Pristina"]
[Date "2017.10.01"]
[Round "8"]
[White "Zenuni, Albert"]
[Black "Saraci, Osman"]
[Result "1-0"]
[WhiteElo "1985"]
[BlackElo "2078"]
[PlyCount "129"]
[EventDate "2017.09.16"]
[EventType "tourn"]
[EventRounds "11"]
[EventCountry "KOS"]
[SourceTitle "EXT 2019"]
[Source "ChessBase"]
[SourceDate "2018.10.10"]
[SourceVersion "1"]
[SourceVersionDate "2018.10.10"]
[SourceQuality "1"]

1. c4 Nf6 2. Nc3 e5 3. g3 d5 4. cxd5 Nxd5 5. Bg2 Nb6 6. Nf3 Nc6 7. 0-0 Be7 8. a3 0-0 9. d3 Be6 10. b4 a5 11. b5 Nd4 12. Rb1 Nxf3+ 13. Bxf3 Nd5 14. Qc2 Rc8 15. Qb2 b6 16. Rd1 f5 17. Nxd5 Bxd5 18. e4 fxe4 19. Bg4 Bc5 20. d4 exd4 21. Bxc8 e3 22. Bxe3 dxe3 23. Be6+ Bxe6 24. Rxd8 exf2+ 25. Kg2 Rxd8 26. Rc1 Rf8 27. Qe2 Rf6 28. a4 Kf8 29. Rd1 h6 30. g4 Rg6 31. h3 Rf6 32. Qd3 Kg8 33. Qe4 Bd6 34. Rf1 Bc5 35. Rd1 Bd6 36. Rf1 Bc5 37. Rd1 Kf7 38. h4 Bd6 39. h5 Bc5 40. Kf1 Ke7 41. Rd2 Kf7 42. Re2 Bd7 43. Qd5+ Be6 44. Qe4 g6 45. hxg6+ Rxg6 46. Qf4+ Rf6 47. Qxc7+ Kg6 48. Re4 Bd5 49. Rf4 Rxf4 50. Qxf4 Be6 51. Ke2 Kg7 52. Kf1 Kg6 53. Ke2 Kg7 54. Kf1 Bf7 55. Ke2 Bg6 56. Qf3 Kg8 57. Kf1 Bf7 58. Qf4 Bg6 59. Qf3 Bf7 60. Qe2 Kg7 61. Qe4 h5 62. g5 Kg8 63. Qa8+ Kh7 64. Qf3 Be6 65. Qe4+ 1-0

[Event "KOS-ch"]
[Site "Pristina"]
[Date "2017.09.24"]
[Round "5"]
[White "Zenuni, Albert"]
[Black "Sadiku, Bedri"]
[Result "1/2-1/2"]
[WhiteElo "1985"]
[BlackElo "2213"]
[PlyCount "97"]
[EventDate "2017.09.16"]
[EventType "tourn"]
[EventRounds "11"]
[EventCountry "KOS"]
[SourceTitle "EXT 2019"]
[Source "ChessBase"]
[SourceDate "2018.10.10"]
[SourceVersion "1"]
[SourceVersionDate "2018.10.10"]
[SourceQuality "1"]

1. c4 e5 2. Nc3 d6 3. g3 g6 4. Bg2 Bg7 5. e3 Ne7 6. Nge2 Nbc6 7. 0-0 0-0 8. a3 a5 9. d3 Bd7 10. Qc2 Qc8 11. Nb5 Na7 12. a4 Nec6 13. Bd2 Nb4 14. Bxb4 axb4 15. c5 Qb8 16. Qc4 dxc5 17. Qxc5 Nc6 18. d4 exd4 19. Nexd4 Nxd4 20. exd4 c6 21. Nd6 Rd8 22. Ne4 Bf5 23. Rfd1 b3 24. Qc3 Qc7 25. Rd2 Qa5 26. Rdd1 Qb6 27. a5 Qa7 28. Nc5 Bc2 29. Rd2 b6 30. Nxb3 Bxb3 31. Qxb3 bxa5 32. Bxc6 Rab8 33. Qa4 Rxd4 34. Rxd4 Bxd4 35. Qxa5 Bxf2+ 36. Kg2 Qxa5 37. Rxa5 Rxb2 38. Rb5 Rd2 39. Rb7 Bc5+ 40. Kh1 f5 41. Rd7 Bd6 42. Bb5 g5 43. Bc4+ Kh8 44. h4 gxh4 45. gxh4 f4 46. Rf7 h6 47. h5 Be5 48. Rf5 Bd6 49. Rd5 1/2-1/2

[Event "KOS-ch"]
[Site "Pristina"]
[Date "2017.09.22"]
[Round "3"]
[White "Zenuni, Albert"]
[Black "Bujupi, Albert"]
[Result "1/2-1/2"]
[WhiteElo "1985"]
[BlackElo "2016"]
[PlyCount "120"]
[EventDate "2017.09.16"]
[EventType "tourn"]
[EventRounds "11"]
[EventCountry "KOS"]
[SourceTitle "EXT 2019"]
[Source "ChessBase"]
[SourceDate "2018.10.10"]
[SourceVersion "1"]
[SourceVersionDate "2018.10.10"]
[SourceQuality "1"]

1. c4 e5 2. Nc3 Nf6 3. g3 d5 4. cxd5 Nxd5 5. Bg2 Nb6 6. Nf3 Nc6 7. 0-0 Be7 8. a3 0-0 9. b4 Be6 10. b5 Nd4 11. Nxd4 exd4 12. Na4 Bd5 13. Nxb6 axb6 14. a4 Bxg2 15. Kxg2 Qd5+ 16. Kg1 d3 17. Bb2 Rfe8 18. e3 h5 19. Qc1 Bd6 20. f3 Re6 21. Qc3 Rg6 22. Qd4 Qg5 23. f4 Qf5 24. Kg2 Re8 25. Ba3 h4 26. Rf3 hxg3 27. Rxg3 Ree6 28. Bxd6 Rxd6 29. Qe5 Rxg3+ 30. hxg3 Qg4 31. Qe8+ Kh7 32. Rh1+ Rh6 33. Qe4+ Kg8 34. Qxd3 Rd6 35. Qh7+ Kf8 36. Qh8+ Ke7 37. Qh4+ Qxh4 38. Rxh4 Rxd2+ 39. Kf3 c5 40. bxc6 bxc6 41. f5 c5 42. Rc4 Kd6 43. e4 Rd4 44. Rxd4+ cxd4 45. Kf4 f6 46. g4 Kc5 47. Kf3 Kc4 48. e5 fxe5 49. g5 Kd5 50. g6 e4+ 51. Kf4 e3 52. f6 e2 53. fxg7 e1Q 54. g8Q+ Kc6 55. Qc8+ Kd6 56. Qf8+ Kc6 57. Qa8+ Kc5 58. Qe4 Qd2+ 59. Kf5 Qf2+ 60. Qf4 Qc2+ 1/2-1/2

[Event "EU-Cup 31st"]
[Site "Skopje"]
[Date "2015.10.22"]
[Round "5.1"]
[White "Dishman, Stephen"]
[Black "Zenuni, Albert"]
[Result "1-0"]
[WhiteElo "2369"]
[BlackElo "1954"]
[PlyCount "77"]
[EventDate "2015.10.18"]
[EventType "team-swiss"]
[EventRounds "7"]
[EventCountry "MKD"]
[SourceTitle "CBM 169"]
[Source "ChessBase"]
[SourceDate "2015.11.10"]
[SourceVersion "1"]
[SourceVersionDate "2015.11.10"]
[SourceQuality "1"]
[WhiteTeam "Bonnevoie Gambit"]
[BlackTeam "Hasaj"]
[WhiteTeamCountry "LUX"]
[BlackTeamCountry "KOS"]

1. d4 d5 2. Nf3 e6 3. c4 Nf6 4. Bg5 Be7 5. Nc3 c6 6. e3 h6 7. Bh4 Nbd7 8. Bd3 Nb6 9. c5 Nbd7 10. b4 Nh5 11. Bxe7 Qxe7 12. 0-0 e5 13. e4 dxe4 14. Nxe4 0-0 15. Re1 Nf4 16. Nd6 f6 17. Bf5 g6 18. Qb3+ Kh7 19. g3 Nd5 20. Bxd7 Bxd7 21. dxe5 Bg4 22. e6 Bxf3 23. Qxf3 b5 24. Nxb5 Nxb4 25. Rad1 Rfd8 26. Nd6 Rab8 27. Nf7 Rxd1 28. Qxd1 Nd5 29. Qd2 Qf8 30. Nd6 Qe7 31. Qa5 Kg7 32. Kg2 Kg8 33. Re4 Kg7 34. Ra4 Ra8 35. Qa6 Qc7 36. Ra3 Ne7 37. Rb3 Rb8 38. h4 Rxb3 39. Ne8+ 1-0

[Event "EU-Cup 31st"]
[Site "Skopje"]
[Date "2015.10.19"]
[Round "2.1"]
[White "Zenuni, Albert"]
[Black "Sanduleac, Vasile"]
[Result "0-1"]
[WhiteElo "1954"]
[BlackElo "2386"]
[PlyCount "90"]
[EventDate "2015.10.18"]
[EventType "team-swiss"]
[EventRounds "7"]
[EventCountry "MKD"]
[SourceTitle "CBM 169"]
[Source "ChessBase"]
[SourceDate "2015.11.10"]
[SourceVersion "1"]
[SourceVersionDate "2015.11.10"]
[SourceQuality "1"]
[WhiteTeam "Hasaj"]
[BlackTeam "Adare"]
[WhiteTeamCountry "KOS"]
[BlackTeamCountry "IRL"]

1. c4 d6 2. d4 e5 3. dxe5 dxe5 4. Qxd8+ Kxd8 5. a3 Be6 6. e3 a5 7. Bd2 Nd7 8. Bc3 f6 9. Nd2 Nh6 10. Ngf3 Nf5 11. Be2 a4 12. Ne4 Kc8 13. 0-0 Ne7 14. Rfd1 Nc6 15. Rac1 Be7 16. Rc2 h6 17. Nh4 Nf8 18. Ng3 g6 19. Rcd2 Rg8 20. Bb4 Nxb4 21. axb4 Nd7 22. c5 f5 23. Nf3 Bf6 24. Ra1 c6 25. Bd1 Kc7 26. Rxa4 Rxa4 27. Bxa4 Ra8 28. b3 b5 29. cxb6+ Nxb6 30. Ra2 Nd5 31. e4 Nxb4 32. Rd2 f4 33. Ne2 g5 34. Nc1 Ra5 35. Ne1 Rc5 36. Ne2 g4 37. Nd3 Nxd3 38. Rxd3 Rc2 39. Rc3 Rxe2 40. Rxc6+ Kb8 41. Kf1 f3 42. Rxe6 Rc2 43. gxf3 gxf3 44. Ke1 Bh4 45. Rxh6 Rc1+ 0-1